00942 a2200169 45000010006000000050017000060080041000230030015000640400040000790800056001192450077001752640038002523000019002905050423003090410008007321000032007405728120260407155835.0260407a1977 arg spa dAR-UNSa-BCEJYS aAR-UNSa-BCEJYSbspacAR-UNSa-BCEJYS a332.1xEconomía regional. Economía territorial 10aTeoría de la localización, análisis regional y redes de transporte 1aBuenos Aires :bEl Coloquioc1977 a169 p.c21 cm. a1. Teoría de la localización industrial – 2. Economías y deseconomias de aglomeración – 3. Redes y sistemas de redes de áreas de mercado – 4. Teoría de la localización agraria – 5. Región económica. Región homogénea, polarizada y plan – 6. Organización especial de la economía. Extensiones teóricas – 7. Estrategias de desarrollo regional y la red de transporte correspondiente  aspa1 aGrupe, Héctor Juan Carlos